000 00697nam a2200241 a 4500
001
003 DO-SdBNP
005 20231123083911.0
008 090930s2002 dr ac 001 p spa d
020 _a99934764040
040 _aDO-SdBNP
_bspa
_cBPMSU
082 4 _aRD861.44
_bB171ve 2002
_222
100 1 _a Balaguer, Joaquín,
_d1906-2002
_92
245 1 3 _aLa venda transparente /
_cJoaquín Balaguer.
250 _a6a ed.
260 _aSanto Domingo :
_bEditora Corripio,
_c2002
300 _a143 p. :
_bil., retr. ;
_c22 cm.
590 _aInventariado, 2022/VM
650 4 _aPoesía dominicana
650 4 _aLiteratura dominicana.
910 _aVMateo V. Control de calidad. PMSU
942 _2ddc
_cBK
999 _c13935
_d13935